000 01199nam a2200181Ia 4500
008 151202s9999||||xx |||||||||||||| ||und||
082 _bPNVM-73702
100 _aअन्नपूर्णा/अनु.ढापरे प्रसाद.
245 _aइंद्रा नूयी-पेप्सीकोच्या सीईओ बनलेल्या भारतीय महिलेची प्रेरणादायी कहाणी.
260 _b"मिरर पब्लिशिंग,पुणे."
260 _c73702
300 _a140
600 _aअन्नपूर्णा/अनु.ढापरे प्रसाद.
630 _aइंद्रा नूयी-पेप्सीकोच्या सीईओ बनलेल्या भारतीय महिलेची प्रेरणादायी कहाणी.
700 _aअन्नपूर्णा/अनु.ढापरे प्रसाद.
730 _aइंद्रा नूयी-पेप्सीकोच्या सीईओ बनलेल्या भारतीय महिलेची प्रेरणादायी कहाणी.
942 _cBOOK
999 _c1340365
_d1340362